Statistics for Diaspora-Puerto Rico

Click here to take the quiz!

General Stats

  • This quiz has been taken 25 times
  • The average score is 28 of 34

Answer Stats

Number of immigrants State % Correct
1.120.225Florida
100%
1.112.123New York
100%
212.500California
95%
189.643Texas
95%
45.995Hawaii
91%
472.442Pennsylvania
91%
470.640New Jersey
91%
327.959Massachusetts
91%
202.046Illinois
91%
20.027Alabama
86%
27.827Colorado
86%
28.046Nevada
86%
38.025South Carolina
86%
41.901Arizona
86%
42.952Michigan
86%
125.554Ohio
86%
101.921North Carolina
86%
298.603Connecticut
86%
106.472Virginia
82%
60.781Maryland
82%
99.085Georgia
82%
31.925Tennessee
82%
19.312Kentucky
82%
14.344Minnesota
77%
15.577Missouri
77%
56.028Wisconsin
77%
40.065Rhode Island
77%
45.746Indiana
77%
11.734Kansas
77%
28.346Washington
73%
17.109Louisiana
73%
16.331New Hampshire
68%
31.514Delaware
68%
17.334Oklahoma
64%

Score Distribution

Percentile by Number Answered

Percent of People with Each Score

Your Score History

You have not taken this quiz